Cumhuriyet öncesinde Türk kadını, 1839-1923 (Record no. 2061)

MARC details
000 -BAŞLIK
Sabit Uzunlukta Kontrol Alanı 00796na a2200253 4500
001 - KONTROL NUMARASI
Denetim Alanı 13217
003 - KONTROL NUMARASI IDENTIFIER
Denetim Alanı MIRAKIL
005 - SON İŞLEM TARİHİ VE ZAMANI
Denetim Alanı 20181213154844.0
008 - SABİT-BOY VERİ ELEMANLARI - GENEL BİLGİLER
Sabit Uzunlukta Kontrol Alanı 160828b tu 000 0
035 ## - SİSTEM KONTROL NUMARASI
Sistem Kontrol Numarası 13217
040 ## - KATALOGLAMA KAYNAK
Orijinal Kataloglama Ajansı Milas
Kataloglama Dili tur
Metne Dönüştürmek Ajansı TR-AnCHP
082 ## - DEWEY ONLU SINIFLANDIRMA NUMARASI
Sınıflandırma Numarası 305.42
Ürün Numarası K86c 1991
090 ## - SINIFLAMA NUMARASI
Sınıflama Numarası 305.42 K86c 1991
100 ## - ANA GİRİŞ - KİŞİSEL İSİM
Kişisel Ad Kurnaz, Şefika
245 ## - BAŞLIK TABLOSU
Başlık Cumhuriyet öncesinde Türk kadını, 1839-1923
Sorumluluk Tablosu, Vb Şefika Kurnaz
246 ## - UNVAN FORM VARYING
Başlık Doğru / Kısa Başlığı Türk kadını, 1839-1923
250 ## - EDITION TABLOSU
Baskı Beyanı 2. bs
260 ## - YAYIN, DAĞITIM, VB
Yayın, Dağıtım, Vb Yeri Ankara
Yayıncı, Dağıtıcı, Vs Adı Aile Araştırma Kurumu Başkanlığı Yayınları
Yayın, Dağıtım, Vb Tarihi 1991
300 ## - FİZİKSEL TANIM
Kapsam XV, 153 s.
Boyutlar 24 sm.
490 ## - SERİSİ TABLOSU
Seri Beyanı T.C. Başbakanlık Aile Araştırma Kurumu Başkanlığı Yayınları
Hacim / Ardışık Tanımı 4
504 ## - KAYNAKÇA VB NOT
Kaynakça Vb Notu Kaynakça ve dizin var.
650 ## - KONU KATMA GİRİŞ - TOPİKAL DÖNEM
Topikal Süreli Veya Coğrafi Ad Giriş Elemanı Kadın
Genel Alt Bölümü Tarih
Kronolojik Alt Bölümü 1839-1923
Coğrafi Alt Bölümü Türkiye
942 ## - EKLENDİ GİRİŞ ELEMANLARI (KOHA)
Sınıflandırma Veya Raf Düzeni Kaynak Dewey Decimal Classification
Koha Öğesi Türü Books
999 ## - SİSTEM KONTROL NUMARALARI (KOHA)
Koha Biblionumber 2061
Koha Biblioitemnumber 2061
Holdings
Kalıcı Konum Mevcut Konum Edinme Tarihi Edinim Kaynak Seri Numaralandırma / Kronolojik Toplam Check-Out'Lar Tam Çağrı Numarası Barkod Tarih Son Görülme İtibaren Geçerli Fiyatlar Koha Öğesi Türü
CHP Kütüphanesi CHP Kütüphanesi 08/11/2016 Bağış c.2   305.42 K86c 1991 000913 08/11/2016 08/11/2016 Books